00262nam a22000977a 4500082001600000100002200016245006100038260004200099300000900141650001400150 a541.363 BOW aBowden, Sydney T. aPhase rule and phase reactions:Theoretical and Practical aLondon:bMacmillan and Co,Ltd,c1945. a303p aChemistry